00204nam a2200085 a 450000500170000000800410001705000200005810000180007824500220009620140414132002.0110216s19uu xx 00 eng d aTR 411bQ4 2007 aQuien, Arleen aWriting works! 6.